[Event "POL-ch (Women) 76th"]
[Site "Krakow"]
[Date "2025.05.06"]
[Round "1"]
[White "Smietanska, Wiktoria"]
[Black "Kulon, Klaudia"]
[Result "0-1"]
[WhiteElo "2227"]
[BlackElo "2396"]
[PlyCount "104"]
[EventDate "2025.05.06"]
[EventType "tourn"]
[EventRounds "9"]
[EventCountry "POL"]
[EventCategory "3"]
[SourceTitle "CB21_2025"]
[SourceDate "2025.05.21"]
[SourceVersion "1"]
[SourceVersionDate "2025.05.21"]
[SourceQuality "1"]

1. e4 e5 2. Nf3 Nc6 3. Bb5 a6 4. Ba4 Nf6 5. 0-0 Be7 6. Re1 b5 7. Bb3 d6 8. c3 0-0 9. h3 Na5 10. Bc2 c5 11. d4 Qc7 12. Nbd2 cxd4 13. cxd4 Nc6 14. a4 Bd7 15. axb5 axb5 16. Rxa8 Rxa8 17. Nb3 h6 18. Be3 Bf8 19. Bb1 Re8 20. Qc2 Qc8 21. dxe5 Nxe5 22. Nxe5 dxe5 23. Nc5 Bxh3 24. gxh3 Qxh3 25. f3 Qg3+ 26. Kf1 Qxf3+ 27. Qf2 Qh5 28. Qf5 Qh2 29. Qf2 Qh3+ 30. Qg2 Qh5 31. Ba2 Ng4 32. Nd3 Rd8 33. Bd5 Rd6 34. Re2 Nxe3+ 35. Rxe3 Qd1+ 36. Kf2 Rf6+ 37. Rf3 Qxd3 38. Rxf6 Bc5+ 39. Ke1 Qb1+ 40. Ke2 Qxb2+ 41. Kf3 Qxg2+ 42. Kxg2 gxf6 43. Kf3 Kg7 44. Kg4 Kg6 45. Bb3 h5+ 46. Kf3 f5 47. exf5+ Kxf5 48. Bxf7 e4+ 49. Kg3 Kg5 50. Bd5 h4+ 51. Kg2 Kf4 52. Kh3 e3 0-1

[Event "EU-ch (Women) 25th"]
[Site "Rhodes"]
[Date "2025.04.10"]
[Round "10"]
[White "Doluhanova, Evgeniya"]
[Black "Kulon, Klaudia"]
[Result "0-1"]
[WhiteElo "2266"]
[BlackElo "2408"]
[PlyCount "68"]
[EventDate "2025.03.31"]
[EventType "swiss"]
[EventRounds "11"]
[EventCountry "GRE"]
[SourceTitle "CB16_2025"]
[SourceDate "2025.04.16"]
[SourceVersion "1"]
[SourceVersionDate "2025.04.16"]
[SourceQuality "1"]

1. c4 e6 2. d4 d5 3. a3 c6 4. cxd5 exd5 5. Qc2 Bd6 6. Nc3 Ne7 7. Bg5 f6 8. Bh4 Nf5 9. Nf3 g5 10. Bg3 g4 11. Nh4 Nxd4 12. Qa4 Be5 13. e3 Nf5 14. 0-0-0 Nxh4 15. Bxh4 b5 16. Qc2 Be6 17. h3 gxh3 18. f4 Bd6 19. gxh3 a5 20. e4 Bxf4+ 21. Kb1 d4 22. Nxb5 cxb5 23. Bxb5+ Nd7 24. Rxd4 Qb6 25. Qd3 0-0-0 26. Bxd7+ Bxd7 27. Rd1 Be5 28. Qc2+ Bc6 29. Rd5 Qc7 30. Qe2 Bxd5 31. Rc1 Ba2+ 32. Kxa2 Qxc1 33. Qa6+ Kd7 34. Qb7+ Qc7 0-1

[Event "BL 2425 (Women)"]
[Site "Germany"]
[Date "2025.02.15"]
[Round "5.4"]
[White "Valkova, Angelika"]
[Black "Kulon, Klaudia"]
[Result "0-1"]
[WhiteElo "2001"]
[BlackElo "2395"]
[PlyCount "70"]
[EventDate "2024.11.16"]
[EventType "team-tourn"]
[EventRounds "11"]
[EventCountry "GER"]
[SourceTitle "CB14_2025"]
[SourceDate "2024.11.01"]
[SourceVersion "1"]
[SourceVersionDate "2024.11.01"]
[SourceQuality "1"]
[WhiteTeam "Deizisau (W)"]
[BlackTeam "Bad Koenigshofen (W)"]
[WhiteTeamCountry "GER"]
[BlackTeamCountry "GER"]

1. d4 Nf6 2. c4 Nc6 3. Nf3 e6 4. a3 d6 5. Nc3 g6 6. d5 exd5 7. cxd5 Ne7 8. e4 Bg7 9. e5 dxe5 10. Bb5+ Bd7 11. Bc4 0-0 12. Bg5 h6 13. Bxf6 Bxf6 14. Ne4 Bg7 15. d6 Nf5 16. dxc7 Qxc7 17. Rc1 Bc6 18. Nfd2 Rad8 19. Qg4 Rd4 20. 0-0 Kh8 21. Qe2 Qd7 22. f3 Qe7 23. Nb3 Rdd8 24. Qf2 b6 25. Rfd1 h5 26. g3 Bh6 27. Re1 Bxc1 28. Rxc1 Nd4 29. Nbd2 f5 30. Nc3 Qg5 31. Rd1 h4 32. a4 Kg7 33. Bf1 hxg3 34. hxg3 Qxd2 35. Rxd2 Nxf3+ 0-1

[Event "EU-ch rapid (Women)"]
[Site "Monaco"]
[Date "2025.01.12"]
[Round "8"]
[White "Hryzlova, Sofiia"]
[Black "Kulon, Klaudia"]
[Result "0-1"]
[WhiteElo "2229"]
[BlackElo "2393"]
[PlyCount "116"]
[EventDate "2025.01.11"]
[EventType "swiss (rapid)"]
[EventRounds "11"]
[EventCountry "MNC"]
[SourceTitle "CB03_2025"]
[SourceDate "2025.01.15"]
[SourceVersion "1"]
[SourceVersionDate "2025.01.15"]
[SourceQuality "1"]

1. Nf3 Nf6 2. c4 g6 3. b3 Bg7 4. Bb2 d6 5. g3 e5 6. d3 0-0 7. Bg2 c6 8. 0-0 h6 9. e4 c5 10. a3 Nc6 11. Nc3 Nh7 12. Nd5 a5 13. Bc3 f5 14. Nh4 Qg5 15. exf5 gxf5 16. f4 exf4 17. Bxg7 Qxg7 18. Nxf4 Nf6 19. Ra2 Nd4 20. Nd5 Ng4 21. Re1 Be6 22. Nf4 Bd7 23. h3 Ne5 24. Kh2 Bc6 25. Rf2 Kh7 26. Rg1 Rae8 27. Bd5 Qg5 28. b4 axb4 29. axb4 Ra8 30. Ne6 Nxe6 31. Bxe6 f4 32. Qf1 Ra3 33. b5 Rxd3 34. gxf4 Qxh4 35. bxc6 bxc6 36. Qg2 Qf6 37. Kh1 Ng6 38. Qe4 Rd4 39. Qe2 Nxf4 40. Qc2+ Kh8 41. Bg4 Qh4 42. Rgf1 h5 43. Bd7 Rf6 44. Qc3 Kg7 45. Qe3 Rf8 46. Rg1+ Kh8 47. Rgf1 Rxc4 48. Qa3 Rd4 49. Qc3 Qf6 50. Bxc6 Qe5 51. Bg2 Kg7 52. Qg3+ Ng6 53. Qb3 Rxf2 54. Rxf2 c4 55. Qb7+ Kh6 56. Qf3 Rf4 57. Qg3 Qe1+ 58. Bf1 Qxf2 0-1

[Event "EU-ch blitz (Women)"]
[Site "Monaco"]
[Date "2025.01.10"]
[Round "7"]
[White "Kulon, Klaudia"]
[Black "Kosteniuk, Alexandra"]
[Result "1/2-1/2"]
[WhiteElo "2393"]
[BlackElo "2484"]
[PlyCount "93"]
[EventDate "2025.01.10"]
[EventType "swiss (blitz)"]
[EventRounds "13"]
[EventCountry "MNC"]
[SourceTitle "CB03_2025"]
[SourceDate "2025.01.15"]
[SourceVersion "1"]
[SourceVersionDate "2025.01.15"]
[SourceQuality "1"]

1. c4 e5 2. g3 Nc6 3. Bg2 f5 4. Nc3 Nf6 5. d3 g6 6. e4 d6 7. Nge2 Bg7 8. 0-0 0-0 9. exf5 Bxf5 10. d4 Qd7 11. dxe5 Nxe5 12. Nf4 c6 13. b3 Kh8 14. Bb2 Rae8 15. Qd2 g5 16. Nfe2 Nd3 17. Ba3 h6 18. Rad1 c5 19. Nc1 Nxc1 20. Qxc1 Bh3 21. Nb5 Bxg2 22. Kxg2 Qc6+ 23. Kg1 Re6 24. Nxa7 Qf3 25. Nb5 Ng4 26. Qd2 Re2 27. Qd5 Qxd5 28. cxd5 Rxa2 29. Bc1 Nxf2 30. Rd2 Rxd2 31. Bxd2 Ne4 32. Rxf8+ Bxf8 33. Ba5 Kg7 34. Kg2 Kf6 35. Kf3 Ke5 36. Nc7 h5 37. h3 Nf6 38. Bc3+ Kf5 39. Bxf6 Kxf6 40. Ke4 g4 41. hxg4 hxg4 42. Nb5 Kg5 43. Nc7 Be7 44. Nb5 Bf8 45. Nc7 Be7 46. Nb5 Bf8 47. Nc7 1/2-1/2

[Event "EU-ch blitz (Women)"]
[Site "Monaco"]
[Date "2025.01.10"]
[Round "8"]
[White "Roebers, Eline"]
[Black "Kulon, Klaudia"]
[Result "1/2-1/2"]
[WhiteElo "2381"]
[BlackElo "2393"]
[PlyCount "186"]
[EventDate "2025.01.10"]
[EventType "swiss (blitz)"]
[EventRounds "13"]
[EventCountry "MNC"]
[SourceTitle "CB03_2025"]
[SourceDate "2025.01.15"]
[SourceVersion "1"]
[SourceVersionDate "2025.01.15"]
[SourceQuality "1"]

1. e4 e5 2. Nc3 Nc6 3. Bc4 Nf6 4. d3 Na5 5. Bb3 Nxb3 6. axb3 d5 7. exd5 Nxd5 8. Nge2 Nf6 9. 0-0 Be7 10. f4 exf4 11. Bxf4 0-0 12. d4 c6 13. Qd3 Be6 14. Ng3 Qd7 15. Nce4 Nxe4 16. Nxe4 Bf5 17. Be5 Bg6 18. Rae1 Kh8 19. Qc4 b5 20. Qc3 f6 21. Bg3 Rad8 22. Bf2 Rfe8 23. Nc5 Bxc5 24. Qxc5 h6 25. c3 Be4 26. Qh5 Bd5 27. b4 Bc4 28. Rxe8+ Rxe8 29. Re1 Re6 30. Rxe6 Qxe6 31. Qf3 Bd5 32. Qe3 Qg4 33. Bg3 Qd1+ 34. Be1 Qc2 35. Qf2 Qe4 36. Bd2 Kh7 37. h3 Qc2 38. Be3 Qb1+ 39. Kh2 Qe4 40. Bf4 a6 41. Bd6 h5 42. h4 g5 43. hxg5 fxg5 44. Be5 h4 45. Kg1 h3 46. Qg3 Qxg2+ 47. Qxg2 Bxg2 48. Kf2 Kg6 49. Ke3 Kf5 50. Bd6 Bd5 51. Bh2 Kg4 52. Bc7 Kh4 53. Bh2 g4 54. Kf4 Bf3 55. Bg3+ Kh5 56. Kf5 Bd1 57. Kf4 Kg6 58. Bh2 Kf6 59. Bg3 Ke6 60. Ke3 Kd5 61. Bh2 Kc4 62. Kd2 Bf3 63. Bg3 Be4 64. Bh2 Kb3 65. Kc1 Bf5 66. Bg3 Kc4 67. Kd2 Kd5 68. Ke3 Be4 69. Bh2 Bf3 70. Bg3 Ke6 71. Kf4 Kd5 72. Ke3 Kc4 73. Kd2 Bg2 74. Bh2 Be4 75. Bg3 Kb3 76. Kc1 Ka4 77. Kd2 a5 78. bxa5 Kxa5 79. b3 Bd5 80. b4+ Ka4 81. Bh2 Kb3 82. Bg3 Bf3 83. Bh2 Kc4 84. Bg3 Kd5 85. Ke3 Ke6 86. Kf4 Kf6 87. Bh2 Kg6 88. Bg3 Bd1 89. Bh2 Kf6 90. Bg3 Ke6 91. Bh2 Kd5 92. Ke3 Ke6 93. Kf4 Kd5 1/2-1/2

[Event "Wch Blitz (Women)"]
[Site "New York"]
[Date "2024.12.30"]
[Round "5"]
[White "Charkhalashvili, Inga"]
[Black "Kulon, Klaudia"]
[Result "1-0"]
[WhiteElo "2240"]
[BlackElo "2391"]
[PlyCount "89"]
[EventDate "2024.12.30"]
[EventType "swiss (blitz)"]
[EventRounds "11"]
[EventCountry "USA"]
[SourceTitle "CB01_2025"]
[SourceDate "2025.01.01"]
[SourceVersion "1"]
[SourceVersionDate "2025.01.01"]
[SourceQuality "1"]

1. d4 Nf6 2. c4 g6 3. f3 Bg7 4. e4 d6 5. Nc3 0-0 6. Be3 c5 7. dxc5 dxc5 8. Qxd8 Rxd8 9. Bxc5 Nc6 10. Nge2 b6 11. Ba3 Nd7 12. 0-0-0 Ba6 13. b3 Nde5 14. Kc2 Rxd1 15. Nxd1 Rd8 16. Ndc3 e6 17. h3 Bh6 18. f4 Nd3 19. g3 Bb7 20. Bg2 Nc5 21. Rd1 Rxd1 22. Nxd1 e5 23. Bb2 exf4 24. Nxf4 f5 25. exf5 Nb4+ 26. Kb1 Bc8 27. Ne3 Nbd3 28. Bd5+ Kf8 29. fxg6 hxg6 30. Nxg6+ Ke8 31. Ng4 Bg5 32. Nf6+ Bxf6 33. Bxf6 Bf5 34. Nh4 Bh7 35. Ka1 Nf2 36. Bg2 Nce4 37. Bd4 Nd3 38. g4 Nf4 39. Bxe4 Bxe4 40. Nf5 Nxh3 41. Nd6+ Kd7 42. Nxe4 Ke6 43. Nc3 a6 44. Bxb6 Nf2 45. Bxf2 1-0

[Event "Wch Blitz (Women)"]
[Site "New York"]
[Date "2024.12.30"]
[Round "3"]
[White "Kulon, Klaudia"]
[Black "Balajayeva, Khanim Asad Qizi"]
[Result "1-0"]
[WhiteElo "2391"]
[BlackElo "2362"]
[PlyCount "91"]
[EventDate "2024.12.30"]
[EventType "swiss (blitz)"]
[EventRounds "11"]
[EventCountry "USA"]
[SourceTitle "CB01_2025"]
[SourceDate "2025.01.01"]
[SourceVersion "1"]
[SourceVersionDate "2025.01.01"]
[SourceQuality "1"]

1. c4 Nf6 2. g3 e6 3. Bg2 d5 4. Nf3 Be7 5. 0-0 0-0 6. d4 dxc4 7. Qc2 a6 8. Qxc4 b5 9. Qc2 Bb7 10. Bd2 Be4 11. Qc1 c6 12. Rd1 Nbd7 13. Nc3 Bg6 14. Nh4 Bh5 15. Re1 Rc8 16. e4 b4 17. Ne2 c5 18. d5 exd5 19. exd5 Nb6 20. Nf4 Bg6 21. Nhxg6 hxg6 22. Qd1 Bd6 23. Qf3 Bxf4 24. Bxf4 c4 25. Rac1 Nfxd5 26. Red1 c3 27. bxc3 Rxc3 28. Rxd5 Nxd5 29. Qxd5 Qc8 30. Re1 Rc2 31. Be3 Rd8 32. Qa5 Rb2 33. Bf1 Re8 34. Rc1 Qe6 35. Bc4 Qf6 36. Rf1 Qc3 37. Qc5 Qf6 38. Bb3 a5 39. Qxa5 Re5 40. Qxb4 Rh5 41. Bd4 Qf5 42. Bxb2 Qh3 43. Qb8+ Kh7 44. g4 Rh4 45. f3 f5 46. Qg3 1-0

[Event "Wch Rapid (Women)"]
[Site "New York"]
[Date "2024.12.26"]
[Round "4"]
[White "Kulon, Klaudia"]
[Black "Nilssen, Ellen Fredericia"]
[Result "0-1"]
[WhiteElo "2258"]
[BlackElo "2071"]
[PlyCount "142"]
[EventDate "2024.12.26"]
[EventType "swiss (rapid)"]
[EventRounds "11"]
[EventCountry "USA"]
[SourceTitle "CB01_2025"]
[SourceDate "2025.01.01"]
[SourceVersion "1"]
[SourceVersionDate "2025.01.01"]
[SourceQuality "1"]

1. c4 e6 2. e3 d5 3. Nf3 Nf6 4. b3 Be7 5. Bb2 0-0 6. Qc2 c5 7. Ng5 d4 8. Bd3 h6 9. h4 Nc6 10. a3 Ng4 11. f3 Nge5 12. Bh7+ Kh8 13. f4 f5 14. b4 Bxg5 15. hxg5 Kxh7 16. gxh6 gxh6 17. fxe5 Qg5 18. Qd1 Qg3+ 19. Kf1 f4 20. Qf3 Nxe5 21. Qxg3 fxg3+ 22. Kg1 Nxc4 23. Bc1 e5 24. d3 Nxe3 25. Bxe3 dxe3 26. Nc3 Bf5 27. Re1 Bxd3 28. Rh3 cxb4 29. axb4 Rac8 30. Nd5 e2 31. Ne3 Rf1+ 32. Nxf1 exf1Q+ 33. Rxf1 Bxf1 34. Kxf1 Rc4 35. Rxg3 Rxb4 36. Rc3 Kg6 37. Kf2 a5 38. Rc5 Kf5 39. Rxa5 h5 40. Ra8 h4 41. Rf8+ Ke4 42. Rh8 Kd3 43. Rd8+ Rd4 44. Rb8 Rd7 45. Rh8 e4 46. Ke1 e3 47. Ra8 Rc7 48. Rd8+ Ke4 49. Re8+ Kf4 50. Rf8+ Kg3 51. Rg8+ Kh2 52. Rg4 Rc2 53. Rxh4+ Kxg2 54. Rh7 b5 55. Rg7+ Kf3 56. Rf7+ Ke4 57. Re7+ Kd3 58. Rd7+ Kc3 59. Re7 e2 60. Re3+ Kc4 61. Re4+ Kb3 62. Re3+ Ka4 63. Re8 b4 64. Ra8+ Kb3 65. Rb8 Ka3 66. Ra8+ Kb2 67. Rb8 b3 68. Rb7 Ka2 69. Ra7+ Kb1 70. Rb7 b2 71. Rb8 Kc1 0-1

[Event "Swiss Queens Wed #45"]
[Site "FIDE Online Arena INT"]
[Date "2024.12.04"]
[Round "8"]
[White "Peycheva, Gergana"]
[Black "Kulon, Klaudia"]
[Result "0-1"]
[WhiteElo "2212"]
[BlackElo "2391"]
[PlyCount "76"]
[EventDate "2024.12.04"]
[EventType "swiss (blitz)"]
[EventRounds "11"]
[EventCountry "NET"]
[SourceTitle "CB50_2024"]
[SourceDate "2024.11.01"]
[SourceVersion "1"]
[SourceVersionDate "2024.11.01"]
[SourceQuality "2"]

1. d4 Nf6 2. c4 g6 3. Nc3 Bg7 4. e4 0-0 5. Nf3 d6 6. Be2 e5 7. 0-0 exd4 8. Nxd4 Re8 9. f3 c6 10. Kh1 Nbd7 11. Bf4 Nh5 12. Bxd6 Qf6 13. Nc2 Ne5 14. c5 Qh4 15. Qe1 Qg5 16. Qf2 Qf6 17. f4 Ng4 18. Bxg4 Bxg4 19. e5 Qe6 20. Nd4 Qc4 21. h3 Bd7 22. Ne4 f5 23. Ng5 h6 24. Rac1 Qd5 25. Ngf3 Nxf4 26. Rcd1 Qf7 27. Nh4 Nd5 28. Qg3 Kh7 29. Rde1 f4 30. Qf2 Be6 31. Nhf3 Ne3 32. Rg1 Bd5 33. Qh4 Kg8 34. Kh2 b6 35. Nd2 bxc5 36. Bxc5 Rxe5 37. N4f3 Rh5 38. Qf2 Ng4+ 0-1

[Event "Swiss Queens Wed #45"]
[Site "FIDE Online Arena INT"]
[Date "2024.12.04"]
[Round "9"]
[White "Tomilova, Elena"]
[Black "Kulon, Klaudia"]
[Result "0-1"]
[WhiteElo "2207"]
[BlackElo "2391"]
[PlyCount "74"]
[EventDate "2024.12.04"]
[EventType "swiss (blitz)"]
[EventRounds "11"]
[EventCountry "NET"]
[SourceTitle "CB50_2024"]
[SourceDate "2024.11.01"]
[SourceVersion "1"]
[SourceVersionDate "2024.11.01"]
[SourceQuality "2"]

1. d4 Nf6 2. Nf3 g6 3. c4 Bg7 4. e3 0-0 5. Be2 d6 6. Nc3 b6 7. b3 Bb7 8. Bb2 Nbd7 9. 0-0 e5 10. dxe5 dxe5 11. Qc2 Qe7 12. Rfd1 e4 13. Nd4 Ne5 14. a4 Rfd8 15. Ba3 c5 16. a5 bxa5 17. Na4 Nfd7 18. Rab1 a6 19. Bf1 Rac8 20. Ne2 Nd3 21. Nf4 Nxf4 22. exf4 e3 23. fxe3 Qxe3+ 24. Qf2 Bd4 25. Qxe3 Bxe3+ 26. Kh1 Be4 27. Ra1 Bd4 28. Rac1 Nf6 29. Nxc5 Be3 30. Rxd8+ Rxd8 31. Re1 Bf2 32. Re2 Bxc5 33. Bxc5 Rd1 34. Kg1 Bd3 35. Rf2 Ne4 36. Rf3 Nxc5 37. Rxd3 Nxd3 0-1

[Event "Swiss Queens Wed #44"]
[Site "FIDE Online Arena INT"]
[Date "2024.11.27"]
[Round "11"]
[White "Kulon, Klaudia"]
[Black "Gunina, Valentina"]
[Result "0-1"]
[WhiteElo "2395"]
[BlackElo "2425"]
[PlyCount "72"]
[EventDate "2024.11.27"]
[EventType "swiss (blitz)"]
[EventRounds "11"]
[EventCountry "NET"]
[SourceTitle "CB49_2024"]
[SourceDate "2024.12.04"]
[SourceVersion "1"]
[SourceVersionDate "2024.12.04"]
[SourceQuality "1"]

1. c4 c6 2. g3 d5 3. Bg2 Nf6 4. b3 Bf5 5. Bb2 e6 6. Nf3 h6 7. 0-0 Be7 8. d3 0-0 9. Nbd2 Bh7 10. Re1 Nbd7 11. d4 a5 12. a4 Qb6 13. c5 Qa6 14. e3 b6 15. Bf1 Qa7 16. cxb6 Qxb6 17. Qc1 Rfc8 18. Ba3 Bxa3 19. Qxa3 c5 20. Bb5 cxd4 21. Nxd4 Nc5 22. N2f3 Nfe4 23. Rec1 f6 24. Kg2 e5 25. Ne2 Nd6 26. Nc3 Nxb5 27. Nxb5 Be4 28. Rd1 Qc6 29. Nc3 Bxf3+ 30. Kxf3 d4+ 31. Ke2 dxc3 32. Rac1 Na6 33. Qe7 Re8 34. Qa3 Nb4 35. Qa1 c2 36. Rd2 Rad8 0-1

[Event "Swiss Queens Wed #44"]
[Site "FIDE Online Arena INT"]
[Date "2024.11.27"]
[Round "4"]
[White "Kulon, Klaudia"]
[Black "Kosteniuk, Alexandra"]
[Result "0-1"]
[WhiteElo "2395"]
[BlackElo "2487"]
[PlyCount "110"]
[EventDate "2024.11.27"]
[EventType "swiss (blitz)"]
[EventRounds "11"]
[EventCountry "NET"]
[SourceTitle "CB49_2024"]
[SourceDate "2024.12.04"]
[SourceVersion "1"]
[SourceVersionDate "2024.12.04"]
[SourceQuality "1"]

1. c4 e5 2. Nc3 Nc6 3. g3 f5 4. Bg2 Nf6 5. d3 Bc5 6. e3 0-0 7. Nge2 d6 8. 0-0 a5 9. Rb1 Qe8 10. Nd5 Nxd5 11. cxd5 Ne7 12. d4 exd4 13. Nxd4 Ng6 14. a3 a4 15. Bd2 Bxd4 16. exd4 f4 17. Rc1 Qf7 18. Be4 Bh3 19. Bg2 Bxg2 20. Kxg2 f3+ 21. Kh1 Qd7 22. Rg1 Rae8 23. Be3 Ne7 24. Qd3 Nxd5 25. Bd2 Re2 26. Be1 Rxb2 27. Qc4 c6 28. Qxa4 Re8 29. g4 Rbe2 30. Qb3 Qf7 31. Rb1 R8e7 32. a4 Qf4 33. a5 R2e6 34. Qd3 Qe4 35. Qxe4 Rxe4 36. Bd2 Rxd4 37. Bg5 Rf7 38. Rb3 h6 39. Bh4 Re4 40. h3 Rb4 41. Rxb4 Nxb4 42. Rb1 c5 43. Bg3 Rd7 44. Kh2 d5 45. Bf4 d4 46. Kg3 Nc6 47. Kxf3 Nxa5 48. Ke4 Nc6 49. Bd2 d3 50. Rc1 b6 51. f4 Rd4+ 52. Ke3 Nb4 53. Bxb4 Rxb4 54. Kxd3 Rxf4 55. Ke3 Rb4 0-1